Games By Synonyms - Statistics

General Stats
  • This quiz has been taken 16 times
  • The average score is 4 of 15
Answer Stats
Hint Answer % Correct
Big Stolen Car V Grand Theft Auto 5
69%
Breakmake Minecraft
62%
Deity of Battle God of War
46%
Yell of Work Call of Duty
38%
Vegetables vs. Monsters Plants Versus Zombies
38%
With Two Among Us
31%
Cube Run Geometry Dash
31%
Team of Myths League of Legends
31%
Maroon Murdered Recovery Dos Red Dead Redemption 2
23%
Ultra Italian Super Mario
15%
Deflect-Attack: Worldwide Opponents Counter-Strike: Global Offensive
8%
Hutdark Fortnite
8%
Day5 Dusk Dancing Friday Night Funkin'
8%
Strong Myths Apex Legends
0%
ControllerSecret Warlands PlayerUnknown's Battlegrounds
0%
No matching quizzes found
Score Distribution
Percent of People with Each Score
Percentile by Number Answered
Your Score History
You have not taken this quiz